000 00498nam a2200181Ia 4500
005 20250317122835.0
008 008 250317s9999 xx 000 0 eng d
037 _aTextbook
040 _aFMSL
_beng
_cFMSL
041 _aeng
_2eng
084 _aB2893P N6
_qFMSL
100 _aSimunnard M
_9739702
245 0 _aLinear programming
260 _aNew Jersey
_bNew Jersey, P H India
_c1966
300 _a221p
942 _cTB
_hB2893P N6
999 _c1248878
_d1248878